Un viaje de vieja: Perú, Departamento de Junín. Apuntes de cartera
Wedi'i Gadw mewn:
| Prif Awdur: | |
|---|---|
| Fformat: | Llyfr |
| Iaith: | Sbaeneg |
| Cyhoeddwyd: |
Valparaíso
Imprenta del Mercurio
1870
|
| Rhifyn: | 1a. ed |
| Pynciau: | |
| Tagiau: |
Ychwanegu Tag
Dim Tagiau, Byddwch y cyntaf i dagio'r cofnod hwn!
|
MARC
| LEADER | 00000nam a2200000 a 4500 | ||
|---|---|---|---|
| 001 | UCJ3927 | ||
| 003 | CL-VaPUC | ||
| 008 | 070124e18700000CL |||||||||||||||||spa|d | ||
| 082 | 0 | 4 | |a 910.4 |b CON |2 21 |
| 100 | 0 | |a Concha, Manuel |e author |9 506519 | |
| 245 | 1 | 3 | |a Un viaje de vieja: Perú, Departamento de Junín. Apuntes de cartera |
| 250 | |a 1a. ed | ||
| 300 | |a 114 p | ||
| 942 | |c BK | ||
| 945 | |d 20070124 00:00:00 |a rinostro | ||
| 260 | |a Valparaíso |b Imprenta del Mercurio |c 1870 | ||
| 650 | 0 | |a Viajes |9 257115 | |
| 650 | 0 | |a Cultura |9 269059 | |
| 650 | 0 | |a Antropología cultural |9 269905 | |
| 650 | 7 | |a INDIOS AMERICANOS |2 CL-VaPUC |9 469992 | |
| 650 | 7 | |a MESTIZOS |2 CL-VaPUC |9 338669 | |
| 650 | 0 | |a Arquitectura |9 804558 | |
| 650 | 7 | |a PASEOS |2 CL-VaPUC |9 504371 | |
| 650 | 0 | |a Monumentos |9 265246 | |
| 650 | 7 | |a CHOLOS |2 CL-VaPUC |9 506521 | |
| 651 | 0 | |a Perú |9 256567 | |
| 651 | 7 | |a LIMA |2 CL-VaPUC |9 350186 | |
| 651 | 7 | |a JAUJA |2 CL-VaPUC |9 506522 | |
| 583 | |a last modification |c 20070124 00:00:00 |k Rodrigo Vera | ||
| 999 | |c 320046 |d 320044 | ||
| 952 | |0 0 |1 0 |4 0 |6 910_400000000000000_CON_1870 |7 0 |8 X |9 398500 |a FDOBUD |b FDOBUD |d 2019-11-22 |i 1011200 |o 910.4 CON 1870 |p 1011200 |r 2019-11-22 |w 2019-11-22 |y BK_X |k BUD | ||